Представление документа в формате MARC21

Поле Инд. ПП Название Значение
Тип записи a
Библиографический уровень a
001 Контрольный номер RU/IS/BASE/118254589
005 Дата корректировки 20240115093546.0
084 a Индекс другой классификации/Индекс ББК 63.3(2)6-21; 4г(2)6; 65.03(2Рос)6
090 00 a Полочн. индекс 63.5(2=Рус)
x Авторский знак Р 893
100 10 a Автор Власова И. В.
245 00 a Заглавие Сельское хозяйство после 1917 года
650 04 a Основная рубрика история
a Основная рубрика сельское хозяйство
653 00 a Ключевые слова XX век
a Ключевые слова аграрная политика
a Ключевые слова агротехника
a Ключевые слова животноводство
a Ключевые слова земельная реформа
a Ключевые слова земледелие
a Ключевые слова землепользование
a Ключевые слова коллективизация
a Ключевые слова колхозы
a Ключевые слова крестьянство
a Ключевые слова национализация
a Ключевые слова Новая экономическая политика (НЭП)
a Ключевые слова новейшее время
a Ключевые слова почвозащитное земледелие
a Ключевые слова природоохранная деятельность
a Ключевые слова Россия
a Ключевые слова садоводство
a Ключевые слова СССР
a Ключевые слова экономическая история
773 00 d Дата издания источника Москва, 1999
g Прочая информация С. 202-210
t Заглавие источника Русские
w Контрольный № источника RU/IS/BASE/102094566
901 t Тип документа a